MOTOGP DRIVERS 2025 SEASON - Estadísticas

Estadísticas generales
  • Esta prueba ha sido intentada 299 veces
  • La puntuación promedio es 16 de 22
Estadísticas de respuestas
Hint Respuesta % Correcto
Ducati Lenovo Bagnaia
94%
RB KTM Racing Acosta
88%
Aprilia Racing Martin
86%
Yamaha Quartararo
84%
Repsol Honda Mir
80%
Gresini Racing Aldeguer
75%
Yamaha Rins
75%
Aprilia Racing Bezzecchi
74%
RB KTM Tech3 Viñales
74%
Honda HCR Team Zarco
74%
RB KTM Racing Binder
73%
Repsol Honda Marini
73%
RB KTM Tech3 Bastianini
72%
VR46 Di Giannantonio
71%
Prima Pramac Miller
71%
Trackhouse Racing Fernandez
70%
VR46 Morbidelli
69%
Trackhouse Racing Ogura
63%
Ducati Lenovo M.Marquez
62%
Gresini Racing A.Marquez
60%
Prima Pramac Oliveira
59%
Honda HCR Team Chantra
53%
No se encontraron pruebas coincidentes
Distribución de puntuación
Porcentaje de gente con cada puntuación
Porcentaje por número respondido
Historial de tus puntuaciones
No has intentado esta prueba.